History and civics: Class-8 (For the ICSE schools) (Record no. 1391160)

MARC details
000 -LEADER
fixed length control field 00564nam a2200193Ia 4500
005 - DATE AND TIME OF LATEST TRANSACTION
control field 20250508164802.0
008 - FIXED-LENGTH DATA ELEMENTS--GENERAL INFORMATION
fixed length control field 008 250505s9999 xx 000 0 eng d
037 ## - SOURCE OF ACQUISITION
Stock number Reference
040 ## - CATALOGING SOURCE
Original cataloging agency FEDL
Language of cataloging eng
Transcribing agency FEDL
041 ## - LANGUAGE CODE
Language code of text/sound track or separate title eng
Source of code eng
084 ## - COLON CLASSIFICATION NUMBER
Classification number 900, BEH/RR
Assigning agency FEDL
100 ## - MAIN ENTRY--PERSONAL NAME
Personal name Behula Khan and others Ed.
9 (RLIN) 779167
245 #0 - TITLE STATEMENT
Title History and civics: Class-8 (For the ICSE schools)
260 ## - PUBLICATION, DISTRIBUTION, ETC.
Place of publication, distribution, etc. Delhi, India
Name of publisher, distributor, etc. Ratan Sagar Pvt. Ltd.
Date of publication, distribution, etc. 2006
300 ## - PHYSICAL DESCRIPTION
Extent 168p.
365 ## - TRADE PRICE
Price type code INR
Price amount 209.9
942 ## - ADDED ENTRY ELEMENTS (KOHA)
Koha item type Reference
Classification part 900, BEH/RR
Holdings
Withdrawn status Lost status Damaged status Not for loan Home library Current library Date acquired Cost, normal purchase price Total Checkouts Full call number Barcode Date last seen Price effective from Koha item type
        Department of Education Library Department of Education Library 2025-05-08 209.90   900, BEH/RR EL0084787 2025-05-08 2025-05-08 Reference
Copyright @ Delhi University Library System